| 000 | 00483nam a2200181 i 4500 | ||
|---|---|---|---|
| 001 | bg | ||
| 245 | 0 |
_aŻelazo-Fe / _c[oprac. Bronisław Bednarczuk et al.]. |
|
| 260 |
_aWarszawa : _bWydawnictwa Geologiczne, _c1979. |
||
| 490 | 1 | _aSurowce Mineralne Świata | |
| 650 | 9 | _aŻelazo | |
| 700 | 1 | _aBednarczuk, Bronisław. | |
| 830 | _aSurowce Mineralne Świata | ||
| 040 | _cBPK | ||
| 041 | _apol | ||
| 080 | _a553:622 | ||
| 942 | _cKS | ||
| 008 | s pl f |000 0 pol | ||
| 999 |
_c19158 _d19158 |
||
| 856 |
_uhttp://koha.tu.koszalin.pl/cgi-bin/koha/opac-detail.pl?biblionumber=19158 _yKatalog online BPK |
||